Capitales de Asia por código IATA - Estadísticas

Estadísticas generales
  • Esta prueba ha sido intentada 112 veces
  • La puntuación promedio es 22 de 48
Estadísticas de respuestas
Código IATA Capital % Correcto
PEK Pekín
88%
DOH Doha
86%
DEL Nueva Delhi
85%
BKK Bangkok
83%
KBL Kabul
82%
DAM Damasco
81%
HAN Hanói
81%
KWI Kuwait
81%
DAC Daca
79%
AMM Amán
75%
KTM Katmandú
75%
MNL Manila
74%
SIN Singapur
72%
TPE Taipéi
72%
ISB Islamabad
69%
ULN Ulán Bator
69%
DIL Dili
63%
EVN Ereván
58%
MLE Malé
56%
BEY Beirut
54%
KUL Kuala Lumpur
54%
VTE Vientián
53%
MCT Mascate
51%
ASB Asjabad
49%
NIC Nicosia
43%
BAH Manama
40%
TAS Taskent
40%
AUH Abu Dabi
38%
BGW Bagdad
33%
SAH Saná
29%
TLV Jerusalén
28%
NRT Tokio
28%
RUH Riad
26%
ICN Seúl
25%
BWN Bandar Seri Begawan
22%
DYU Dusambé
19%
CBM Colombo
15%
NYT Naipyidó
15%
TUS Tiflis
14%
CGK Yakarta
11%
IKA Teherán
10%
NAJ Bakú
7%
TSE Nur Sultán
7%
PBH Timbú
7%
PNH Phnom Penh
6%
FNJ Pionyang
4%
ESB Ankara
3%
FRU Biskek
3%
No se encontraron pruebas coincidentes
Distribución de puntuación
Porcentaje de gente con cada puntuación
Porcentaje por número respondido
Historial de tus puntuaciones
No has intentado esta prueba.